Geometry of Banach Spaces-selected topics

Saved in:
Bibliographic Details
Main Author: Diestel, Joseph (Author)
Format: Book
Language:English
Published: Berlín Springer 1975
Edition:1a. ed
Series:Lecture Notes in Mathematics, 485
Subjects:
Tags: Add Tag
No Tags, Be the first to tag this record!

MARC

LEADER 00000cam a2200000 a 4500
001 UCE9610
003 CL-VaPUC
008 151029e19750000gw |||||||||||||||||eng|d
020 |a 3540074023 
082 0 4 |a 515.732  |b DIE  |2 21 
100 0 |a Diestel, Joseph  |e author  |9 582497 
245 1 0 |a Geometry of Banach Spaces-selected topics 
250 |a 1a. ed 
300 |a 282 p 
942 |c BK 
945 |d 20151029 22:28:00  |a dcastane 
260 |a Berlín  |b Springer  |c 1975 
650 7 |a ESPACIOS DE BANACH  |2 CL-VaPUC  |9 260167 
650 7 |a SECUENCIAS MATEMATICAS  |2 CL-VaPUC  |9 338129 
650 0 |a Series (Matemáticas)  |9 260245 
583 |a last modification  |c 20151029 22:28:00  |k Rodrigo Vera 
490 0 |a Lecture Notes in Mathematics, 485 
999 |c 361270  |d 361268 
952 |0 0  |1 0  |3 erb  |4 0  |6 515_732000000000000_DIE_1975  |7 0  |8 A  |9 471689  |a BIBMAT  |b BIBMAT  |i 5246571  |o 515.732 DIE 1975  |p 5246571  |r 2025-01-07  |w 2019-11-24  |y BK  |z Catalogado en:20151029  |k MAT